Industrial Performance German Listed Groups 1972-1990
Na minha lista:
| Autor principal: | |
|---|---|
| Outros Autores: | |
| Formato: | Livro |
| Idioma: | inglês |
| Publicado em: |
Helsinki
School of Economics
1992
|
| Edição: | 1. ed. |
| Assuntos: | |
| Tags: |
Sem tags, seja o primeiro a adicionar uma tag!
|
MARC
| LEADER | 00000nam a2200000 4500 | ||
|---|---|---|---|
| 001 | c003262 | ||
| 005 | 20221206083216.3 | ||
| 020 | |a 951-702-103-8 | ||
| 041 | 0 | |a eng | |
| 044 | |a FI | ||
| 245 | 1 | 0 | |a Industrial Performance German Listed Groups 1972-1990 |c Sari Julkunen, Aija Salomaa |
| 250 | |a 1. ed. | ||
| 264 | 1 | |a Helsinki |b School of Economics |c 1992 | |
| 300 | |a 168 s. | ||
| 610 | 2 | 0 | |a spoločnosť industriálna |
| 610 | 2 | 0 | |a Nemecko |
| 610 | 2 | 0 | |a výkonnosť |
| 610 | 2 | 0 | |a cash flow |
| 610 | 2 | 0 | |a zisk |
| 610 | 2 | 0 | |a financie |
| 610 | 2 | 0 | |a 1972-1990 |
| 610 | 2 | 0 | |a analýza regresná |
| 100 | 1 | |a Julkunen, Sari | |
| 700 | 1 | |a Salomaa, Aija | |